000 00345 a2200157 4500
001 68895
020 _a8532252206
040 _cAnchieta - Itaigara
100 _aMachado, Ana Maria
240 1 0 _aOs três porquinhos
_lpor
245 1 0 _aOs três porquinhos
300 _a29p.
362 0 _a2004
650 4 _aLiteratura infantil
942 _cBK
999 _c68895
_d68895